Excedente económico e irracionalidad capitalista /
Сохранить в:
| Главный автор: | |
|---|---|
| Другие авторы: | |
| Формат: | Текст |
| Опубликовано: |
México, D.F.:
Siglo Veintiuno
|
| Редактирование: | 5 |
| Метки: |
Добавить метку
Нет меток, Требуется 1-ая метка записи!
|
MARC
| LEADER | 00000 a a2200000 04500 | ||
|---|---|---|---|
| 001 | 22160 | ||
| 003 | |||
| 040 | |||
| 090 | |a 150100 | ||
| 100 | |a Barán, Paul A. | ||
| 245 | |a Excedente económico e irracionalidad capitalista / |c Paul A. Barán | ||
| 250 | |a 5 | ||
| 260 | |a México, D.F.: |b Siglo Veintiuno | ||
| 300 | |a 85 p | ||
| 700 | |a Aricó, José |a trad. |a Crespo, Alberto |a trad. | ||
| 999 | |c 11024 |d 11024 | ||
